00571nam a2200157Ia 4500008004100000020001300041041000800054082001700062100002700079245006200106260004400168300003800212906000600250999001700256952014000273220530s9999 xx 000 0 und d a22293167 aeng a621:050bJHA aJha, Vjay Kumar958356 aInternational Journal of Advance VLSI DesignbVol. 2 to 4 aNew DelhibResearch Science Pressc2012 bHBbJanuary 2012 To December 2014 a0 c52513d52513 00104070aCEWNbCEWNd2015-10-05eLaxmi Art & Binding Worksl0o621:050/JHApCEWN-BV-178r2022-05-30 00:00:00w2022-05-30yBVzJ00178